000 00555nam a2200169 i 4500
001 88676
003 ES-MaACL
007 t|
008 050105s1966 xxu ||||1| eng d
100 1 _aLandau, Edmund.
_969929
245 1 0 _aFoundations of analysis
_b: the arithmetic of whole, rational, irrational and complex numbers /
_cEdmund Landau ; translated by F. Steinhardt.
250 _a[3rd ed.].
260 _aNew York :
_bChelsea,
_c[1966]
300 _aXIV, 136 p. ;
_c24 cm.
700 1 _aSteinhardt, F.
_9108062
852 _aES-MaACL
_jE-5320
_bR.95979
999 _c88676
_d88676